| 000 | 00339cam a22001337a 4500 | ||
|---|---|---|---|
| 008 | 180718b1962 xxu||||| |||| 00| 0 eng d | ||
| 082 | _aB10 M448 | ||
| 100 | _aMaus, Heinz | ||
| 245 |
_aShort history of sociology _cby Heinz Maus |
||
| 260 |
_aLondon _bRougledge _c1962 |
||
| 300 | _a226p. | ||
| 500 | _a28/- | ||
| 650 | _aSociology - History | ||
| 999 |
_c373552 _d373552 |
||